Am wenigsten fragile Länder mit Ausnahmen - Statistiken

Allgemein
  • Dieses Quiz wurde 27 mal gespielt
  • Das Durchschnittsergebnis liegt bei 12 aus 20
Antwortstatistiken
Resultat Land % Korrekt
30.2 Japan
100%
19.6 Australien
96%
18.6 Kanada
96%
44.5 Vereinigte Staaten
96%
15.9 Neuseeland
88%
29.8 Südkorea
88%
25.4 Singapur
80%
41.1 Chile
68%
39.8 Katar
64%
34.7 Vereinigte Arabische Emirate
64%
44.2 Argentinien
60%
33.7 Uruguay
60%
49.3 Kuwait
48%
39.4 Costa Rica
40%
50.7 Mongolei
40%
47.7 Panama
36%
51 Seychellen
36%
48 Bahamas
28%
37.8 Mauritius
24%
44.7 Barbados
16%
Keine übereinstimmenden Quizze gefunden
Verteilung der Resultate
Anzahl Personen mit jedem Resultat
Perzentil nach korrekt beantworteten Fragen
Ihre Resultats-Entwicklung
Sie haben dieses Quiz noch nicht gespielt